| 000 | 00405nam a22001337a 4500 | ||
|---|---|---|---|
| 082 |
_a623.67 _bDEP _cD |
||
| 100 |
_aMinistry of defence _942152 |
||
| 245 |
_aMilitray fixed bridges _cMinistry of defence |
||
| 260 |
_aMinistry of defence _bHeadquartersdepartment of the Army _c1968 |
||
| 300 |
_a5-312 p. _bill. _c30 cm. |
||
| 526 |
_a0 _b0 _c0 _d623_670000000000000_DEP |
||
| 650 |
_aD _96527 |
||
| 942 |
_2ddc _cBK |
||
| 999 |
_c546152 _d546152 |
||